000 00431nam a2200169 a 4500
001 5432
003 CO-ViMGA
008 141112s2004 ck r 000 u spa d
040 _aCO-ViMGA
_bspa
_cCO-ViMGA
082 0 4 _a135.411 H377
100 1 _aHessen, Johannes
_93730
245 1 0 _aTeoria del conocimiento
260 _aSantafé de Bogotá :
_bPanAméricana,
_c1995
300 _a149 p
650 1 4 _aCONOCIMIENTO
942 _2ddc
_cBK
999 _c17419
_d17419